| 000 | 00850nam a22002057a 4500 | ||
|---|---|---|---|
| 999 |
_c63153 _d63153 |
||
| 003 | Ge_BSU | ||
| 005 | 20250612115850.0 | ||
| 008 | 250612s2021 ge ||||| |||| 00| 0 geo d | ||
| 020 | _a9789941836121 | ||
| 041 | _ageo | ||
| 080 | _a37.018.1 ბ-29 | ||
| 100 |
_aბასილაძე, ნოდარ _925395 |
||
| 245 |
_aჰუმანიზმის აღზრდა ოჯახში / _cნოდარ ბასილაძე; რედაქტორი ზურაბ ცუცქირიძე. |
||
| 264 |
_aბათუმი, _c2021. |
||
| 300 |
_a114 გვ. ; _b20 სმ. |
||
| 653 | _aბავშვის აღზრდა ოჯახში | ||
| 653 | _aპედაგოგიკა | ||
| 700 |
_aცუცქირიძე, ზურაბ _eრედაქტორი _922279 |
||
| 942 |
_2udc _cᲬᲘᲒᲜᲘ |
||